|
|
|
|
| LEADER |
00000nam a22000003a 4500 |
| 001 |
stu45906 |
| 005 |
20150617225715.5 |
| 008 |
970812s1993----cs------------------slo-d |
| 020 |
|
|
|a 80-85323-27-3
|
| 040 |
|
|
|a STU
|b slo
|
| 041 |
0 |
|
|a slo
|
| 044 |
|
|
|a cs
|
| 080 |
|
|
|a 164
|7 stu_us_auth*stu3209
|
| 080 |
|
|
|a 658.51
|
| 100 |
1 |
|
|a Kubiš, Juraj
|4 aut
|
| 245 |
1 |
|
|a Logistika vo výrobných systémoch /
|c [aut.]Juraj Kubiš
|
| 250 |
|
|
|a 1.vyd.
|
| 260 |
|
|
|a Bratislava :
|b Elita,
|c 1993
|
| 300 |
|
|
|a 165 s
|
| 650 |
|
7 |
|a logistika
|2 stusub
|
| 650 |
|
7 |
|a systémy výrobné
|2 stusub
|
| 856 |
4 |
|
|a https://sweb.mtf.stuba.sk/obsahy/Logistika_vo_vyrobnych_systemoch_93
|u https://sweb.mtf.stuba.sk/obsahy/Logistika_vo_vyrobnych_systemoch_93
|3 OBSAH
|
| 996 |
|
|
|b 284M006647
|c M*9556-2
|l MMKN
|s A
|a 24
|w stu45906_0001
|
| 996 |
|
|
|b 284M000121
|c M*9556-7
|l MMKN
|s A
|a 24
|w stu45906_0002
|
| 996 |
|
|
|b 284M038545
|c M*9556-1
|l MMKN
|s A
|a 24
|w stu45906_0003
|
| 996 |
|
|
|b 284M006645
|c M*9556-4
|l MMKN
|s A
|a 24
|w stu45906_0004
|
| 996 |
|
|
|b 284M006646
|c M*9556-5
|l MMKN
|s A
|a 24
|w stu45906_0005
|
| 996 |
|
|
|b 284M000120
|c M*9556-6
|l MMKN
|s A
|a 24
|w stu45906_0006
|